India political system, process and development / (Record no. 105020)

MARC details
000 -LEADER
fixed length control field 00610nam a22001937a 4500
005 - DATE AND TIME OF LATEST TRANSACTION
control field 20161209114315.0
010 ## - LCCN (DPL NO)
LC control number ENG-116774
020 ## - INTERNATIONAL STANDARD BOOK NUMBER
International Standard Book Number 818506069
Terms of availability 595.00
035 ## - SYSTEM CONTROL NUMBER
System control number EN-100306
037 ## - SOURCE OF ACQUISITION
Source of stock number/acquisition DBAD/PUB
082 ## - DEWEY DECIMAL CLASSIFICATION NUMBER
Classification number 320.954
100 ## - MAIN ENTRY--PERSONAL NAME
Personal name Narang, A.S.
245 ## - TITLE STATEMENT
Title India political system, process and development /
Statement of responsibility, etc by Amarjit S. Narang
260 ## - PUBLICATION, DISTRIBUTION, ETC. (IMPRINT)
Place of publication, distribution, etc New Delhi
Name of publisher, distributor, etc Gitanjali Publishing House
Date of publication, distribution, etc 2015
270 ## - ADDRESS
Address 3,DDA,Shoping Center,Anand Lok
City New Delhi
Postal code 110049
300 ## - PHYSICAL DESCRIPTION
Extent 706p.
Dimensions 24cm(pbk)
500 ## - GENERAL NOTE
General note Including bibliographical references
942 ## - ADDED ENTRY ELEMENTS (KOHA)
Source of classification or shelving scheme Dewey Decimal Classification
Item type English Books
Call number suffix NAR
Classification part 320.954
Holdings
Withdrawn status Lost status Not for loan Collection code Home library Current library Date acquired Source of acquisition Cost, normal purchase price Full call number Barcode Copy number Cost, replacement price Koha item type
    Not For Loan Non-fiction D.B.Act.Division Bawana 09/12/2016 DBAD/PUB 595.00 320.954 NAR EN-100306 1 595.00 English Books

© Delhi Public Library
Hit Counter
free hit counter